Airports for jets,

Bibliographic Details
Main Author: Peterson, John Eric
Format: Book
Language:English
Published: Chicago, American Society of Planning Officials [1959]
Subjects:

MARC

Tag First Indicator Second Indicator Subfields
LEADER 00000cam a2200000 4500
001 in00000096724
005 20230718095552.0
008 720614s1959 ilua b 000 0 eng c
010 |a  59011051  
019 |a 1162016 
029 1 |a AU@  |b 000008840455 
035 |a (OCoLC)ocm00331672  
035 |a (OCoLC)331672  |z (OCoLC)1162016 
035 |a (OCoLC)ocm00331672  
040 |a CIN  |b eng  |c CIN  |d RIU  |d OCL  |d STF  |d OCLCQ  |d OCLCF  |d OCLCQ  |d OCLCO  |d OCLCQ 
050 0 4 |a TL725.3.P5  |b P4 
082 0 |a 711.78 
100 1 |a Peterson, John Eric. 
245 1 0 |a Airports for jets,  |c by John E. Peterson. 
260 |a Chicago,  |b American Society of Planning Officials  |c [1959] 
300 |a viii, 86 pages  |b illustrations  |c 23 cm 
336 |a text  |b txt  |2 rdacontent 
337 |a unmediated  |b n  |2 rdamedia 
338 |a volume  |b nc  |2 rdacarrier 
500 |a Originally a thesis, with title, Location requirements for civil airfields serving heavy turbojet aircraft, for the degree of master of science, University of Illinois, 1958. 
504 |a Includes bibliographical references (pages 82-85). 
650 0 |a Airports  |x Planning. 
650 0 |a Jet transports. 
650 6 |a Aéroports  |x Planification. 
650 6 |a Avions de transport à réaction. 
650 7 |a Airports  |x Planning.  |2 fast  |0 (OCoLC)fst00803814 
650 7 |a Jet transports.  |2 fast  |0 (OCoLC)fst00982468 
776 0 8 |i Online version:  |a Peterson, John Eric.  |t Airports for jets.  |d Chicago, American Society of Planning Officials [1959]  |w (OCoLC)599699447 
948 |h HELD BY TXA - 84 OTHER HOLDINGS 
994 |a Z0  |b TXA 
999 f f |s 7f3d4a9a-df9d-3d51-81c7-30d4a51452e2  |i 4c0a9504-b97f-39e6-943b-db1fbb80b8e5  |t 0 
952 f f |p ric  |a Texas A&M University  |b Rellis Campus  |c Joint Library Facility  |d Remote Storage  |t 0  |e TL725.3.P5 P4  |h Library of Congress classification  |i unmediated -- volume  |m A14805552546 
998 f f |a TL725.3.P5 P4  |t 0  |l Remote Storage